书目信息 |
| 题名: |
留守儿童心理健康的自我调节
|
|
| 作者: | 陈晓玲 , 孙丽红 著 | |
| 分册: | ||
| 出版信息: | 长春 北方妇女儿童出版社 2018.07 |
|
| 页数: | 154页 | |
| 开本: | 24cm | |
| 丛书名: | ||
| 单 册: | ||
| 中图分类: | B824.6-49 | |
| 科图分类: | ||
| 主题词: | 农村--nong cun--少年儿童--心理健康--健康教育 | |
| 电子资源: | ||
| ISBN: | 978-7-5585-2409-7 | |
| 000 | 00970nam0 2200253 450 | |
| 001 | 0109110100 | |
| 005 | 20201109110334.0 | |
| 010 | @a978-7-5585-2409-7@dCNY32.00 | |
| 100 | @a20190702d2018 em y0chiy50 ea | |
| 101 | 0 | @achi |
| 102 | @aCN@b220000 | |
| 105 | @ay z 000yy | |
| 106 | @ar | |
| 200 | 1 | @a留守儿童心理健康的自我调节@Aliu shou er tong xin li jian kang de zi wo tiao jie@f陈晓玲, 孙丽红著 |
| 210 | @a长春@c北方妇女儿童出版社@d2018.07 | |
| 215 | @a154页@d24cm | |
| 300 | @a书香吉林·2018全民阅读民生读本 | |
| 330 | @a本书面向留守儿童编写,针对儿童的心里特点对其进行有的放矢的疏导,具体包括留守儿童心理健康教育概述、家庭教育对留守儿童心理健康的影响、环境对留守儿童心理健康的影响、留守儿童的违法犯罪问题等。 | |
| 606 | 0 | @a农村@Anong cun@x少年儿童@x心理健康@x健康教育 |
| 690 | @aB824.6-49@v5 | |
| 701 | 0 | @a陈晓玲@Achen xiao ling@4著 |
| 701 | 0 | @a孙丽红@Asun li hong@4著 |
| 801 | 0 | @aCN@bBJSZM@c20201103 |
| 905 | @b1266186-90@dB824.6-49@e1738@f5 | |
| 留守儿童心理健康的自我调节/陈晓玲, 孙丽红著.-长春:北方妇女儿童出版社,2018.07 |
| 154页;24cm |
| 书香吉林·2018全民阅读民生读本 |
| ISBN 978-7-5585-2409-7:CNY32.00 |
| 本书面向留守儿童编写,针对儿童的心里特点对其进行有的放矢的疏导,具体包括留守儿童心理健康教育概述、家庭教育对留守儿童心理健康的影响、环境对留守儿童心理健康的影响、留守儿童的违法犯罪问题等。 |
| ● |
| 相关链接 |
|
|
|
|
正题名:留守儿童心理健康的自我调节
索取号:B824.6-49/1738
 
预约/预借
| 序号 | 登录号 | 条形码 | 馆藏地/架位号 | 状态 | 备注 |
| 1 | 1266186 | 212661868 | 第一样本阅览室/ [索取号:B824.6-49/1738] | 在馆 | |
| 2 | 1266187 | 212661877 | 教育系资料室/ [索取号:B824.6-49/1738] | 在馆 | |
| 3 | 1266188 | 212661886 | 教育系资料室/ [索取号:B824.6-49/1738] | 在馆 | |
| 4 | 1266189 | 212661895 | 第一借阅区/ [索取号:B824.6-49/1738] | 在馆 | |
| 5 | 1266190 | 212661902 | 第一借阅区/ [索取号:B824.6-49/1738] | 在馆 |